Statistics for KPOP: SHINee MV songs by release date

Click here to take the quiz!

General Stats

  • This quiz has been taken 189 times
    (172 since last reset)
  • The average score is 12 of 20

Answer Stats

DateSong% Correct
May 22, 2008Replay
97%
October 16, 2009Ring Ding Dong
91%
July 19, 2010Lucifer
90%
May 18, 2015View
81%
March 22, 2012Sherlock
79%
October 04, 2010Hello
67%
May 18, 2009Juliette
65%
May 28, 2018Good Evening
62%
October 10, 2013Everybody
61%
October 04, 20161 of 1
56%
August 15, 2015Married To The Music
56%
February 19, 2013Dream Girl
53%
Novenber 14, 2016Tell Me What To Do
50%
August 29, 2008A.Mi.Go
48%
August 25, 2008Love Like Oxygen
48%
June 15, 2018Our Page
47%
June 11, 2018I Want You
46%
April 25, 2013Why So Serious?
45%
September 10, 2018Countless
42%
December 20, 2013Colorful
26%

Score Distribution

Percentile by Number Answered

Percent of People with Each Score

Your Score History

You have not taken this quiz since the last reset